000 00585nam a2200205 a 4500
003 PILC
005 20150112093433.0
008 100828s19uu xx 00 eng d
020 _a1859413609
050 _aK 840
_b.Su946 1997
082 _aLwSF 344.206
_bSu2 1997
100 _aSuff, Marnah
_914086
245 _aEssential Contract Law /
250 _a2nd ed.
260 _aWharton Street, London :
_bCavendish Publishing Limited,
_c1997.
300 _a148 pages :
_billustration ;
_c16 cm.
650 _aLaw- Contract
_914087
650 _aContract Law
_914088
942 _2lcc
_cBK
999 _c14476
_d14476